| 000 -LEADER |
| fixed length control field |
01483nam a22003857a 4500 |
| 001 - CONTROL NUMBER |
| control field |
2739396 |
| 003 - CONTROL NUMBER IDENTIFIER |
| control field |
OSt |
| 005 - DATE AND TIME OF LATEST TRANSACTION |
| control field |
20210426114726.0 |
| 008 - FIXED-LENGTH DATA ELEMENTS--GENERAL INFORMATION |
| fixed length control field |
790221s1979 nyuh b 001 0ceng |
| 010 ## - LIBRARY OF CONGRESS CONTROL NUMBER |
| LC control number |
78069627 |
| 020 ## - INTERNATIONAL STANDARD BOOK NUMBER |
| International Standard Book Number |
0060122625 |
| 040 ## - CATALOGING SOURCE |
| Original cataloging agency |
DLC |
| Transcribing agency |
DLC |
| Modifying agency |
DLC |
| Language of cataloging |
eng |
| 041 ## - LANGUAGE CODE |
| Language code of text/sound track or separate title |
eng |
| 050 00 - LIBRARY OF CONGRESS CALL NUMBER |
| Classification number |
PG3476.N3 |
| Item number |
Z548 1979 |
| 080 ## - UNIVERSAL DECIMAL CLASSIFICATION NUMBER |
| Universal Decimal Classification number |
821.111 |
| Item number |
K-21 |
| 082 00 - DEWEY DECIMAL CLASSIFICATION NUMBER |
| Classification number |
813/.5/4 |
| -- |
B |
| 100 1# - MAIN ENTRY--PERSONAL NAME |
| Personal name |
Nabokov, Vladimir Vladimirovich, |
| Dates associated with a name |
1899-1977. |
| 245 14 - TITLE STATEMENT |
| Title |
The Nabokov-Wilson letters : |
| Remainder of title |
correspondence between Vladimir Nabokov and Edmund Wilson, 1940-1971 / |
| Statement of responsibility, etc. |
edited, annotated and with an introductory essay by Simon Karlinsky. |
| Medium |
/ by: Harper & Row Publishers |
| 250 ## - EDITION STATEMENT |
| Edition statement |
1st edition |
| 260 ## - PUBLICATION, DISTRIBUTION, ETC. |
| Place of publication, distribution, etc. |
New York |
| Name of publisher, distributor, etc. |
Harper & Row Publishers |
| Date of publication, distribution, etc. |
c1979. |
| 300 ## - PHYSICAL DESCRIPTION |
| Extent |
ix, 346 p. |
| Other physical details |
facsim. |
| Dimensions |
24 cm. |
| 365 ## - TRADE PRICE |
| Price amount |
15 usd |
| 504 ## - BIBLIOGRAPHY, ETC. NOTE |
| Bibliography, etc. note |
Includes bibliographical references and index. |
| 600 10 - SUBJECT ADDED ENTRY--PERSONAL NAME |
| Personal name |
Nabokov, Vladimir Vladimirovich, |
| Dates associated with a name |
1899-1977 |
| General subdivision |
Correspondence. |
| 600 10 - SUBJECT ADDED ENTRY--PERSONAL NAME |
| Personal name |
Wilson, Edmund, |
| Dates associated with a name |
1895-1972 |
| General subdivision |
Correspondence. |
| 650 #0 - SUBJECT ADDED ENTRY--TOPICAL TERM |
| Topical term or geographic name entry element |
Authors, Russian |
| Chronological subdivision |
20th century |
| General subdivision |
Correspondence. |
| 650 #0 - SUBJECT ADDED ENTRY--TOPICAL TERM |
| Topical term or geographic name entry element |
English literature |
| 9 (RLIN) |
254 |
| 650 #0 - SUBJECT ADDED ENTRY--TOPICAL TERM |
| Topical term or geographic name entry element |
Authors, American |
| Chronological subdivision |
20th century |
| General subdivision |
Correspondence. |
| 650 #0 - SUBJECT ADDED ENTRY--TOPICAL TERM |
| Topical term or geographic name entry element |
Critics |
| Geographic subdivision |
United States |
| General subdivision |
Correspondence. |
| 653 ## - INDEX TERM--UNCONTROLLED |
| Uncontrolled term |
ინგლისური ლიტერატურა |
| 700 1# - ADDED ENTRY--PERSONAL NAME |
| Personal name |
Wilson, Edmund, |
| Dates associated with a name |
1895-1972. |
| 700 1# - ADDED ENTRY--PERSONAL NAME |
| Personal name |
Karlinsky, Simon. |
| Relator term |
Editor |
| 906 ## - LOCAL DATA ELEMENT F, LDF (RLIN) |
| a |
7 |
| b |
cbc |
| c |
orignew |
| d |
1 |
| e |
opcn |
| f |
19 |
| g |
y-gencatlg |
| 942 ## - ADDED ENTRY ELEMENTS (KOHA) |
| Source of classification or shelving scheme |
|
| Koha item type |
Books |
| Edition |
1 |